000 01103nam a22002657a 4500
001 7172
003 FISKH
005 20250701105227.0
008 250701b cb ||||| |||| 00| 0 eng d
020 _a9781730159299
040 _aFISKH
_beng
_cFISKH
_dFISKH
050 _aPZ7.A695 A
082 _a303
100 _aArma, Tom
245 _aAnimal Kingdom-1 :
_bCute baby-books /
_cTom Arma
260 _aNew Delhi :
_bDreamland Publication,
_c2003.
300 _a32 pages :
_bcolor illustrations ;
_c28 cm
505 _aC
520 _aAnimal Kingdom-1 is a delightful board book featuring adorable photographs of multi-ethnic babies dressed in imaginative animal costumes. Each page showcases a different costume, from lions to elephants, capturing the joy and innocence of early childhood. The book's simple, engaging format is designed to captivate young readers and introduce them to various animals through visual storytelling.
521 8 _a70
_bLexile estimate
521 8 _aC
_bRaz-Plus
650 _aAnimals babies
_vBaby faces book
942 _2ddc
_cBK
_n0
999 _c7172
_d7172